| 000 | 00447nam a2200169Ia 4500 | ||
|---|---|---|---|
| 008 | 221030s9999 xx 000 0 und d | ||
| 020 | _a0070706999 | ||
| 041 | _aEnglish | ||
| 100 | _aR. L. Peurifoy | ||
| 245 | 0 |
_aConstruction Planning, Equipment & Methods _cby R. L. Peurifoy, C. J. Schexnayder |
|
| 250 | _a7th | ||
| 260 |
_bMcgraw - Hill _aChennai _c2018 |
||
| 300 | _a768 | ||
| 650 | _aCivil | ||
| 700 | _aC. J. Schexnayder | ||
| 942 | _cBK | ||
| 999 |
_c17870 _d17870 |
||